Top NFL Running Backs of 2020 - Extreme - Statistics

General Stats
  • This quiz has been taken 271 times
    238 since last reset
  • The average score is 41 of 74
Answer Stats
Team Yards Running back % Correct
TEN 1777 Derrick Henry
100%
MIN 1557 Dalvin Cook
96%
GB 1062 Aaron Jones
95%
TB 900 Ronald Jones II
95%
DAL 937 Ezekiel Elliott
91%
CLE 959 Nick Chubb
91%
NO 932 Alvin Kamara
90%
LV 976 Josh Jacobs
86%
IND 916 Jonathan Taylor
83%
CHI 1001 David Montgomery
82%
JAX 1070 James Robinson
82%
CLE 804 Kareem Hunt
81%
PIT 683 James Conner
77%
PHI 867 Miles Sanders
76%
DEN 893 Melvin Gordon
74%
CIN 428 Joe Mixon
73%
GB 479 Jamaal Williams
72%
KC 803 Clyde Edwards-Helaire
71%
HOU 607 David Johnson
71%
BUF 680 Devin Singletary
71%
HOU 235 Duke Johnson
71%
NYJ 209 Ty Johnson
71%
BAL 663 Gus Edwards
70%
SEA 637 Chris Carson
69%
CAR 225 Christian McCaffrey
69%
SF 521 Raheem Mostert
68%
TB 354 Leonard Fournette
67%
ATL 660 Todd Gurley
67%
WAS 720 Antonio Gibson
66%
LAC 512 Austin Ekeler
66%
NE 691 Damien Harris
65%
BAL 645 J.K. Dobbins
63%
LAR 591 Cam Akers
62%
DET 467 D'Andre Swift
62%
KC 328 Le'Veon Bell
61%
DAL 420 Tony Pollard
61%
BAL 260 Mark Ingram
60%
AZ 919 Kenyan Drake
59%
DET 541 Adrian Peterson
58%
NO 656 Latavius Murray
57%
DEN 502 Phillip Lindsay
55%
NYJ 653 Frank Gore
51%
BUF 473 Zack Moss
50%
LAR 624 Darrell Henderson
49%
CAR 642 Mike Davis
49%
IND 363 Nyheim Hines
49%
NE 373 Sony Michel
44%
CIN 409 Giovani Bernard
43%
LAR 399 Malcolm Brown
43%
MIA 564 Myles Gaskin
43%
ATL 371 Brian Hill
42%
GB 239 AJ Dillon
41%
ATL 259 Ito Smith
41%
SF 524 Jeff Wilson
41%
NE 274 Rex Burkhead
41%
MIN 339 Alexander Mattison
40%
AZ 451 Chase Edmonds
40%
PHI 309 Boston Scott
39%
PIT 358 Benny Snell Jr.
34%
NYJ 232 La'Mical Perine
33%
CIN 250 Samaje Perine
33%
WAS 365 J.D. McKissic
32%
NYG 617 Wayne Gallman
31%
MIA 254 Matt Breida
30%
SEA 356 Carlos Hyde
26%
LV 407 Devontae Booker
24%
SF 319 Jerick McKinnon
23%
LAC 354 Joshua Kelley
21%
NYG 226 Alfred Morris
14%
TEN 204 Jeremy McNichols
13%
LAC 267 Kalen Ballage
12%
WAS 248 Peyton Barber
11%
MIA 290 Salvon Ahmed
11%
IND 308 Jordan Wilkins
10%
No matching quizzes found
Score Distribution
Percent of People with Each Score
Percentile by Number Answered
Your Score History
You have not taken this quiz since the last reset